[Event "Groningen Harmonie Mini op-D"]
[Site "Groningen"]
[Date "2002.12.30"]
[Round "5.2"]
[White "Mennink, Marcel"]
[Black "Vriend, Jan Dirk"]
[Result "0-1"]
[WhiteElo "1458"]
[BlackElo "1250"]
[PlyCount "92"]
[EventDate "2002.12.26"]
[EventType "swiss"]
[EventRounds "5"]
[EventCountry "NED"]
[SourceTitle "EXT 2004"]
[Source "ChessBase"]
[SourceDate "2003.11.25"]
[SourceVersion "1"]
[SourceVersionDate "2003.11.25"]
[SourceQuality "1"]

1. e4 c6 2. d4 d5 3. Nc3 dxe4 4. Nxe4 Bf5 5. Ng3 Bg6 6. Nf3 Nd7 7. c3 Ngf6 8. Nh4 e6 9. Nxg6 hxg6 10. Bd3 Bd6 11. Be3 Qc7 12. Qf3 Nd5 13. Kd2 N7f6 14. Ne4 Nxe4+ 15. Qxe4 Nxe3 16. Kxe3 0-0-0 17. g3 Rh5 18. f4 Rdh8 19. Qg2 Rh3 20. Qf2 g5 21. Ke2 gxf4 22. g4 f3+ 23. Kd1 Rxh2 24. Rxh2 Rxh2 25. Qxf3 Rxb2 26. Bc2 Bg3 27. Kc1 Rb6 28. Rb1 Qf4+ 29. Qxf4 Bxf4+ 30. Kd1 Rxb1+ 31. Bxb1 Kd7 32. Ke2 Kd6 33. c4 c5 34. Kf3 Bc1 35. Ke4 cxd4 36. Kxd4 Bb2+ 37. Kd3 Ke5 38. Ke3 Bc1+ 39. Ke2 Kf4 40. Kd1 Ba3 41. Kc2 Kxg4 42. Kb3 Bc5 43. Ka4 f5 44. Kb5 Bf8 45. c5 Kf3 46. a4 g5 0-1